00264nam a2200097Ia 4500008004100000100001600041245006300057260003000120300000800150650000800158191201s2009 xx 000 0 und d aUPADH, Amit 0aMicroeconomic and Banking Foundation of Business BBA SEM-2 aN. DelhibVikas Pubc2009 a292 aMBA